Länder, die Uganda am nächsten sind - Statistiken

Allgemein
  • Dieses Quiz wurde 109 mal gespielt
  • Das Durchschnittsergebnis liegt bei 17 aus 20
Antwortstatistiken
km Land % Korrekt
0 Ruanda
98%
589 Sudan
98%
0 Südsudan
98%
0 Dem Rep Kongo
95%
1287 Kongo
95%
195 Äthiopien
93%
666 Somalia
93%
95 Burundi
90%
0 Kenia
90%
0 Tansania
90%
1205 Tschad
88%
414 Zentralafrikanische Republik
88%
1154 Eritrea
85%
942 Malawi
84%
1143 Dschibuti
82%
816 Sambia
80%
1231 Mosambik
79%
1522 Kamerun
77%
1091 Angola
74%
1397 Jemen
41%
Keine übereinstimmenden Quizze gefunden
Verteilung der Resultate
Anzahl Personen mit jedem Resultat
Perzentil nach korrekt beantworteten Fragen
Ihre Resultats-Entwicklung
Sie haben dieses Quiz noch nicht gespielt